Normal view MARC view

Entry Personal Name

Number of records used in: 1

001 - CONTROL NUMBER

  • control field: 624102

003 - CONTROL NUMBER IDENTIFIER

  • control field: OSt

005 - DATE AND TIME OF LATEST TRANSACTION

  • control field: 20221005110313.0

008 - FIXED-LENGTH DATA ELEMENTS

  • fixed length control field: 221005|| aca||aabn | a|a d

040 ## - CATALOGING SOURCE

  • Original cataloging agency: OSt
  • Transcribing agency: OSt

100 ## - HEADING--PERSONAL NAME

  • Personal name: द्विवेदी, आचार्य महावीर प्रसाद

670 ## - SOURCE DATA FOUND

  • Source citation: Work cat.: (OSt)1018402: द्विवेदी, आचार्य महावीर प्रसाद, स्त्रियों का सामाजिक जीवन एंव अन्य निबंध, 2013
Copyright @ Delhi University Library System